<?xml version="1.0" encoding="UTF-8"?>
<record
    xmlns:xsi="http://www.w3.org/2001/XMLSchema-instance"
    xsi:schemaLocation="http://www.loc.gov/MARC21/slim http://www.loc.gov/standards/marcxml/schema/MARC21slim.xsd"
    xmlns="http://www.loc.gov/MARC21/slim">

  <leader>03150nam a22001697a 4500</leader>
  <controlfield tag="003">OSt</controlfield>
  <controlfield tag="005">20260429093859.0</controlfield>
  <controlfield tag="008">260429b        |||||||| |||| 00| 0 SPA d</controlfield>
  <datafield tag="100" ind1=" " ind2=" ">
    <subfield code="a">Jaime Cerr&#xF3;n Palomino </subfield>
  </datafield>
  <datafield tag="245" ind1=" " ind2=" ">
    <subfield code="a">Memorias del I Congreso  Latinoamericana de comprensi&#xF3;n lectora </subfield>
  </datafield>
  <datafield tag="250" ind1=" " ind2=" ">
    <subfield code="a">1ra edici&#xF3;n </subfield>
  </datafield>
  <datafield tag="260" ind1=" " ind2=" ">
    <subfield code="a">Riobamba - Ecuador </subfield>
    <subfield code="b">pedag&#xF3;gica freire</subfield>
    <subfield code="c">2012</subfield>
  </datafield>
  <datafield tag="300" ind1=" " ind2=" ">
    <subfield code="a">275 p&#xE1;g. </subfield>
  </datafield>
  <datafield tag="490" ind1=" " ind2=" ">
    <subfield code="3">tapa blanda</subfield>
  </datafield>
  <datafield tag="520" ind1=" " ind2=" ">
    <subfield code="a">Del 05 al 07 de Septiembre del 2012, Riobamba es la sede del V CONGRESO LATINOAMERICANO DE COMPRENSI&#xD3;N LECTORA "JAIME CERR&#xD3;N PALOMINO", que tiene como objetivo reflexionar sobre la Comprensi&#xF3;n Lectora y la producci&#xF3;n de textos para los diferentes niveles educativos, a trav&#xE9;s de ponencias, talleres, presentaci&#xF3;n de libros y estrategias art&#xED;sticas, para mejorar la formaci&#xF3;n humana, la preparaci&#xF3;n docente, los resultados acad&#xE9;micos de estudiantes primarios, secundarios, universitarios y sobre todo para leer mejor nuestras realidades.
 
La Comprensi&#xF3;n Lectora es un problema contempor&#xE1;neo que afecta a toda Latinoam&#xE9;rica, pues no es solo un problema t&#xE9;cnico; va m&#xE1;s all&#xE1; del simple desciframiento de c&#xF3;digos ling&#xFC;&#xED;sticos o entendimiento de las ideas expresadas en un texto, porque nos permite adentrarnos en el contexto haciendo una lectura de la realidad circundante.
 
Estos Congresos propician el viaje en un mundo lleno de imaginaci&#xF3;n "...en un abrir y cerrar de hojas, nos permiten entender que existen nuevos espacios para el lenguaje m&#xE1;gico, pues no solo con tinta y papel se puede escribir, tambi&#xE9;n con los colores del arco iris, con los movimientos del sol y las estrellas, con los sonidos de los grillos, de las cascadas, de los p&#xE1;jaros, de las guaduas, guayacanes y chukirawas, escribir para reconciliarnos con la Pachamama.comparten conocimientos y experiencias con maestros, y estudiantes de diversas instancias acad&#xE9;micas y con todos aquellos comprometidos con la lectura, el arte y la educaci&#xF3;n.
 
La importancia de esta tipolog&#xED;a de encuentros culturales, cada vez incrementan el compromiso interinstitucional para buscar salidas a requerimientos que se consideran dram&#xE1;ticos. El V Congreso de Compresi&#xF3;n Lectora, ha vinculado en su organizaci&#xF3;n a la Casa de la Cultura Ecuatoriana - N&#xFA;cleo de Chimborazo, Ministerio de Cultura, Casa Jos&#xE9; Mart&#xED;, Taller Cuentitricantos, Direcci&#xF3;n Intercultural Biling&#xFC;e, Secretar&#xED;a de Pueblos e Instituciones adherentes, como la fundaci&#xF3;n "Lecturas del sur del mundo" - Neuquen, Argentina y el Taller Literario "Rumihuancayo" - Per&#xFA;.
 
La Casa de la Cultura Ecuatoriana - N&#xFA;cleo de Chimborazo, da la bienvenida a los ponentes de Am&#xE9;rica Latina participantes en el V Congreso de Compresi&#xF3;n Lectora y entrega la publicaci&#xF3;n f&#xED;sica de las MEMORIAS de su primera edici&#xF3;n. Se ha procurado conservar las propuestas de sus autores con m&#xED;nimas intervenciones en materia de formato y estilo; de all&#xED; que la forma de presentar referencias u otros datos difiera ocasionalmente en funci&#xF3;n de c&#xF3;mo se presentan los soportes originales, para el caso de este libro, los consignados en espa&#xF1;ol.</subfield>
  </datafield>
  <datafield tag="942" ind1=" " ind2=" ">
    <subfield code="2">ddc</subfield>
    <subfield code="c">BKA</subfield>
    <subfield code="n">0</subfield>
  </datafield>
  <datafield tag="952" ind1=" " ind2=" ">
    <subfield code="0">0</subfield>
    <subfield code="1">0</subfield>
    <subfield code="2">ddc</subfield>
    <subfield code="4">0</subfield>
    <subfield code="7">0</subfield>
    <subfield code="8">F02</subfield>
    <subfield code="a">ISUS</subfield>
    <subfield code="b">ISUS</subfield>
    <subfield code="c">Biblioteca Abierta</subfield>
    <subfield code="d">2026-04-29</subfield>
    <subfield code="e">LECTURA</subfield>
    <subfield code="f">0503</subfield>
    <subfield code="i">0503</subfield>
    <subfield code="l">0</subfield>
    <subfield code="o">Literatura</subfield>
    <subfield code="p">BIBLIO0503</subfield>
    <subfield code="r">2026-04-29 09:39:52</subfield>
    <subfield code="t">1</subfield>
    <subfield code="w">2026-04-29</subfield>
    <subfield code="y">BKA</subfield>
  </datafield>
  <datafield tag="999" ind1=" " ind2=" ">
    <subfield code="c">2084</subfield>
    <subfield code="d">2084</subfield>
  </datafield>
</record>
